Food physics : physical properties--measurement and applications

Đã lưu trong:
書目詳細資料
主要作者: Figura, Ludger O
格式: Sách
語言:Undetermined
出版: Springer 2010
主題:
標簽: 添加標簽
沒有標簽, 成為第一個標記此記錄!
Thư viện lưu trữ: Trung tâm Thư viện - Trường Đại học Công nghiệp TP. Hồ Chí Minh
LEADER 00488nam a2200157Ia 4500
001 UIH_00387
008 230809s9999 xx 000 0 und d
082 |a 664.00153 
100 |a Figura, Ludger O 
245 0 |a Food physics : physical properties--measurement and applications 
245 0 |c Figura, Ludger O 
260 |b Springer 
260 |c 2010 
650 |a Food;Composition; 
927 |a Sách 
980 |a Trung tâm Thư viện - Trường Đại học Công nghiệp TP. Hồ Chí Minh